000 00605nam a2200229Ia 4500
003 OSt
005 20221007074224.0
006 a|||||r|||| 00| 0
007 ta
008 221006b |||||||| |||| 00| 0 eng d
024 _a13,022
037 _cTextual
040 _aFLL
_cFLL
_beng
041 _2eng
_aeng
082 _aV58.N7, M3
100 _aKaushik Devendra Au.
_9692741
245 0 _aSoviet poitical system
260 _aMoscow
_bProgress pub. U.S.S.R.
_c1983
300 _a176p
_ccm.
942 _hV58.N7, M3
_cTEXL
_2CC
999 _c1151589
_d1151589